[Event "Challenge"]
[Site "http://www.queenalice.com/game.php?id=668300"]
[Date "2009.10.16"]
[Round "-"]
[White "hanzcheng"]
[Black "jnable"]
[Result "0-1"]
[WhiteElo "1620"]
[BlackElo "2110"]

1. e4 e6 2. d3 d5 3. Nd2 c5 4. g3 b6 5. Bg2 Bb7 6. Ngf3 dxe4 7. dxe4 Nc6 8. O-O
Nf6 9. Re1 e5 10. h3 Bd6 11. Nh2 Qc7 12. Nc4 Be7 13. c3 O-O 14. Be3 Rad8 15. Qe2
b5 16. Nd2 a6 17. Rad1 Rd7 18. Nb3 c4 19. Nc5 Rd6 20. Nxb7 Qxb7 21. f4 Rfd8 22.
Rxd6 Bxd6 23. Rd1 Qe7 24. Ng4 Nxg4 25. Qxg4 exf4 26. Bxf4 Bxf4 27. Rxd8+ Qxd8
28. Qxf4 Qb6+ 29. Kh2 Qd8 30. e5 Ne7 31. Qg5 h6 32. Qh4 Qd7 33. g4 Ng6 34. Qg3
Qe6 35. Be4 Nxe5 36. Bf5 Qd5 37. h4 g6 38. Bc8 Nf3+ 39. Kh3 Qd1 40. Qg2 Ne1 41.
Qe4 Qd3+ 42. Qxd3 cxd3 43. g5 h5 44. Kh2 d2 0-1

[Event "Challenge"]
[Site "http://www.queenalice.com/game.php?id=668302"]
[Date "2009.10.16"]
[Round "-"]
[White "jnable"]
[Black "hanzcheng"]
[Result "1-0"]
[WhiteElo "2093"]
[BlackElo "1500"]

1. e4 c5 2. Nf3 e6 3. d4 cxd4 4. Nxd4 a6 5. c4 Qc7 6. Nc3 d6 7. Be3 Nd7 8. g3
Ngf6 9. Bg2 Be7 10. O-O Qxc4 11. Rc1 Qc7 12. Ncb5 Qa5 13. Nc7+ Kf8 14. Nxa8 Nc5
15. a3 Qd8 16. b4 Ncxe4 17. Nc7 Bd7 18. b5 e5 19. Nb3 axb5 20. Bb6 Qb8 21. Re1
Bc6 22. Na5 Nc5 23. Nd5 Bxd5 24. Bxd5 Nxd5 25. Qxd5 g6 26. Bxc5 dxc5 27. Rxe5
Qc7 28. Nxb7 Kg7 29. Nxc5 Rd8 30. Ne6+ fxe6 31. Rxc7 1-0

[Event "Challenge"]
[Site "http://www.queenalice.com/game.php?id=669447"]
[Date "2009.10.19"]
[Round "-"]
[White "hanzcheng"]
[Black "vininetto"]
[Result "1-0"]
[WhiteElo "1500"]
[BlackElo "1580"]

1. e4 e5 2. d4 exd4 3. Qxd4 Nc6 4. Qe3 d6 5. Bd2 Nf6 6. Nc3 Be7 7. O-O-O O-O 8.
Nd5 Nxd5 9. exd5 Ne5 10. h3 a5 11. Nf3 Nd7 12. g4 a4 13. a3 Nc5 14. Qd4 Bf6 15.
Qb4 Bd7 16. Be3 b6 17. Bg2 Na6 18. Qf4 Nc5 19. h4 g6 20. Bd4 Ne4 21. Qxe4 1-0

[Event "Challenge"]
[Site "http://www.queenalice.com/game.php?id=674648"]
[Date "2009.10.29"]
[Round "-"]
[White "dwrogers"]
[Black "hanzcheng"]
[Result "0-1"]
[WhiteElo "1542"]
[BlackElo "1620"]

1. e4 c5 2. Bc4 e6 3. Nf3 Qc7 4. Nc3 Be7 5. O-O a6 6. d4 cxd4 7. Qxd4 d6 8. Qxg7
Bf6 9. Qg3 Qxc4 10. Bd2 e5 11. Bg5 Nd7 12. Bxf6 Ngxf6 13. Nd2 Qe6 14. Nd5 Nxd5
15. exd5 Qg6 16. Qxg6 hxg6 17. Rae1 b5 18. Ne4 Ke7 19. f4 Bb7 20. fxe5 Nxe5 21.
Rd1 Rh4 22. Ng5 Rah8 23. Rde1 Rxh2 24. Nh3 R2xh3 25. gxh3 Rxh3 26. Rd1 f5 27.
Rfe1 Kf6 28. Kg2 Rh4 29. b4 Rxb4 30. Kg3 g5 31. Rh1 f4+ 32. Kf2 g4 33. Rh6+ Ke7
34. Rh7+ Nf7 35. Re1+ Kf8 36. Re4 Rxe4 37. Rh5 Kg7 0-1

[Event "Challenge"]
[Site "http://www.queenalice.com/game.php?id=683415"]
[Date "2009.11.14"]
[Round "-"]
[White "hanzcheng"]
[Black "jnable"]
[Result "0-1"]
[WhiteElo "1620"]
[BlackElo "2113"]

1. c4 Nf6 2. Nf3 g6 3. g3 Bg7 4. Bg2 c6 5. O-O d5 6. cxd5 cxd5 7. d4 Nc6 8. Re1
O-O 9. Bf4 Nh5 10. Be5 f6 11. Bf4 Nxf4 12. gxf4 Qb6 13. b3 e5 14. fxe5 fxe5 15.
dxe5 Nxe5 16. Qxd5+ Be6 17. Qe4 Nxf3+ 18. exf3 Bf5 19. Qc4+ Kh8 20. Nc3 Rac8 21.
Nd5 Qd6 22. Qb5 Bxa1 23. Qxb7 Bf6 24. Nxf6 Qxf6 25. Re7 Rc1+ 26. Bf1 Qg5+ 0-1

[Event "Let's Play Chess!"]
[Site "http://www.queenalice.com/game.php?id=683595"]
[Date "2009.11.15"]
[Round "-"]
[White "Conde7"]
[Black "hanzcheng"]
[Result "1-0"]
[WhiteElo "2686"]
[BlackElo "1500"]

1. e4 c5 2. Nf3 e6 3. d4 cxd4 4. Nxd4 a6 5. Bd3 Qb6 6. Nb3 Nc6 7. O-O d5 8. exd5
exd5 9. Re1+ Be7 10. Be3 Qc7 11. Qf3 Nf6 12. Nc3 Be6 13. Bg5 O-O-O 14. Bf5 h6
15. Bxf6 Bxf6 16. Nxd5 Bxf5 17. Qxf5+ Qd7 18. Nb6+ Kc7 19. Nxd7 Rxd7 20. Rad1
1-0

[Event "Challenge"]
[Site "http://www.queenalice.com/game.php?id=708669"]
[Date "2010.1.5"]
[Round "-"]
[White "talisman77"]
[Black "hanzcheng"]
[Result "0-1"]
[WhiteElo "1827"]
[BlackElo "1620"]

1. d4 Nf6 2. c4 e6 3. Nc3 Bb4 4. Bd2 Qe7 5. Qb3 c5 6. e3 Nc6 7. a3 Bxc3 8. Bxc3
d6 9. Nf3 e5 10. Be2 O-O 11. O-O b6 12. dxe5 dxe5 13. Rad1 Bb7 14. Qc2 Rfd8 15.
Rfe1 Rd7 16. Rxd7 Nxd7 17. Bd3 Nf6 18. Ng5 h6 19. Nf3 e4 20. Bxf6 exd3 21. Qxd3
Qxf6 22. Re2 Rd8 23. Qc2 Na5 24. Nd2 Qg5 25. g3 Qh5 26. Ne4 Qh3 27. f3 Qe6 28.
b3 g6 29. Qc3 Bxe4 30. fxe4 Qxe4 31. Qe1 Nxb3 32. Rb2 Na5 0-1

[Event "Challenge"]
[Site "http://www.queenalice.com/game.php?id=716065"]
[Date "2010.1.18"]
[Round "-"]
[White "hanzcheng"]
[Black "fabianoo"]
[Result "1-0"]
[WhiteElo "1670"]
[BlackElo "1723"]

1. e4 e5 2. Nf3 Nc6 3. d3 Nf6 4. g3 d5 5. Nbd2 Bg4 6. h3 dxe4 7. dxe4 Bh5 8. Bg2
Qd7 9. O-O O-O-O 10. g4 Bg6 11. Qe2 h5 12. Nh4 Nd4 13. Qd1 1-0

[Event "Challenge"]
[Site "http://www.queenalice.com/game.php?id=716066"]
[Date "2010.1.18"]
[Round "-"]
[White "fabianoo"]
[Black "hanzcheng"]
[Result "0-1"]
[WhiteElo "1701"]
[BlackElo "1705"]

1. d4 Nf6 2. c4 e6 3. Nc3 Bb4 4. Bd2 Qe7 5. e3 O-O 6. Nf3 b6 7. Bd3 Bxc3 8. Bxc3
c5 9. Qc2 Bb7 10. O-O-O d6 11. h4 h6 0-1